Manual completo de medicina legal y toxicología
Saved in:
| Main Authors: | , , |
|---|---|
| Format: | Bog |
| Sprog: | spansk |
| Udgivet: |
Madrid
Moya y Plaza
1873
|
| Fag: | |
| Tags: |
Tilføj Tag
Ingen Tags, Vær først til at tagge denne postø!
|
MARC
| LEADER | 00000nam a2200000 a 4500 | ||
|---|---|---|---|
| 001 | UCR4226 | ||
| 003 | CL-VaPUC | ||
| 008 | 980307e18730000SP |||||||||||||||||spa|d | ||
| 082 | 0 | 4 | |a 344.041 |b BRI |2 21 |
| 100 | 0 | |a Briand, J |e author |9 403993 | |
| 700 | 0 | |a Bouis, J |e author |9 403994 | |
| 700 | 0 | |a Casper, J. L |e author |9 403995 | |
| 245 | 1 | 0 | |a Manual completo de medicina legal y toxicología |
| 300 | |a t | ||
| 942 | |c BK | ||
| 945 | |d 19980307 00:00:00 |a cmena | ||
| 260 | |a Madrid |b Moya y Plaza |c 1873 | ||
| 500 | |a Con grabados y un atlas cromo-litografiado | ||
| 650 | 7 | |a MEDICINA LEGAL |2 CL-VaPUC |9 403996 | |
| 650 | 7 | |a PSIQUIATRIA FORENSE |2 CL-VaPUC |9 255649 | |
| 650 | 7 | |a TOXICOLOGIA |2 CL-VaPUC |9 306970 | |
| 650 | 7 | |a HERIDAS |2 CL-VaPUC |9 374116 | |
| 650 | 0 | |a Muerte |9 265114 | |
| 650 | 7 | |a QUEMADURAS |2 CL-VaPUC |9 342025 | |
| 650 | 7 | |a HOMICIDIO |2 CL-VaPUC |9 336529 | |
| 650 | 7 | |a SUICIDIO |2 CL-VaPUC |9 317374 | |
| 650 | 0 | |a Exámenes |9 340201 | |
| 650 | 0 | |a Ética médica |9 312024 | |
| 650 | 0 | |a Enfermedades mentales |9 310204 | |
| 583 | |a last modification |c 19980307 00:00:00 |k Rodrigo Vera | ||
| 999 | |c 267176 |d 267174 | ||
| 952 | |0 0 |1 0 |4 0 |6 344_041000000000000_BRI_1873 |7 0 |8 X |9 299392 |a BIBDER |b BIBDER |d 2019-11-20 |h t.2 |i 1960288 |o 344.041 BRI 1873 |p 1960288 |r 2023-01-25 |w 2019-11-20 |y BK_X |k DER | ||